000 00446nam a2200193Ia 4500
005 20250603144435.0
008 250603s9999 xx 000 0 und d
020 _a9780789736734
050 _aQA 76.5 .M531412/
100 _aMiller, Michael
245 0 _aAbsolute beginners guide to computer basics
250 _a4th ed.
260 _aUSA
260 _bQue Pub.
260 _c2007
300 _a430 p
650 _aUSA
942 _cBK
999 _c38927
_d38927